Les réfugiés espagnols en Tunisie (notice n° 9071)

détails MARC
000 -Label
leader 01682nam a2200217 4500
099 ## - Informations locales
Type de document Livre
100 ## - Données générales de traitement
a 20251016d u||y0frey5050 ba
101 ## - Langue
langue document français
102 ## - Pays d'édition ou de production
pays d'édition Tunisie
200 ## - Titre
titre propre Les réfugiés espagnols en Tunisie
sous-titre L'exil républicain
type de document Livre
auteur Béchir Yazidi
auteur secondaire Meimouna Hached
-- Daniel Pardo
210 ## - Editeur
lieu de publication Tunis
nom de l'éditeur Santillana
date de publication Juin 2025
225 ## - collection
Collection Tunisie plurielle
330 ## - Résumé
Résumé Les réfugiés espagnols en Tunisie "La fin de la guerre civile espagnole (1936-1939), fut marquée par la chute de la ville de Carthagène, considérée comme dernier poumon de la seconde république espagnole. Cet événement obligea l'amiral de la flotte républicaine à donner l'ordre à tous les responsables des différents unités navales de partir et " "ne sachant à quel gouvernement s'adresser, il donne l'ordre, après avoir consulté ses commandants de bord, de mettre le cap sur Bizerte". <br/>Le départ de cette flotte constitua un épisode important de la guerre civile et la fin de la résistance républicaine. <br/>L'arrivée de cette flotte au début du mois de mars 1939 à Bizerte donna lieu à toute une organisation des préparatifs de la part des autorités françaises pour gérer convenablement la situation.<br/>Ce fut également les débuts d'une nouvelle vie pour les 4.000 marins réfugiés loin de leur patrie et de leurs familles.
606 ## - sujets
sujet Les réfugiés espagnols en Tunisie
subdiv. sujet L'exil républicain
-- L'arrivée des espagnols en Tunisie
koha internal code 24121
700 ## - Auteur
code de fonction Auteur
auteur Yazidi
prénom Béchir
koha internal code 24122
701 ## - coauteur
code de fonction Traducteur
nom Hached
prénom Meimouna
koha internal code 24123
701 ## - coauteur
code de fonction Préfacier, auteur d'introduction
nom Pardo
prénom Daniel
koha internal code 24124
801 ## - source de catalogage
pays TN
agence de catalogage 32BIS
date de la transaction 20251016
règles de catalogage utilisées UNIMARC
830 ## - note
catalogeur MS
Exemplaires
Propriétaire Dépositaire Localisation Code barre Numéro Inventaire Cote Note Statut
The 32bis Library The 32bis Library Salle de lecture 32BIS 006813 6741 325.210 YAZ Dépôt MAB Consultable sur place
32 bis, rue Ben Ghedhahem 1000 Tunis - Tunisie www.32bis.org
Contact : mediatheque@32bis.org